[Event "It \"]
[Site "masterchessopen.com Kharkov (Ukraine)"]
[Date "2008.10.27"]
[Round "1"]
[White "Ostroverkhova Elena (UKR)"]
[Black "Ivanenko Olga (UKR)"]
[Result "0-1"]
[WhiteElo "2074"]
[BlackElo "2022"]

1.d4 Nf6 2.Nf3 e6 3.c4 b6 4.Nc3 Bb7 5.Bg5 h6 6.Bh4 Bb4 7.e3 g5 8.Bg3 Ne4 9.Qc2
d6 10.Nd2 Bxc3 11.bxc3 f5 12.f3 Nxd2 13.Qxd2 Nd7 14.Bd3 Qf6 15.Qc2 O-O-O
16.O-O-O Rhf8 17.h4 Rde8 18.hxg5 hxg5 19.Qa4 a5 20.Kb2 e5 21.c5 dxc5 22.Rh7
Rd8 23.Rxd7 Rxd7 24.dxe5 Qe7 25.Qc2 Kb8 26.Bc4 Rxd1 27.Qxd1 f4 28.exf4 gxf4
29.Bh2 Qxe5 30.Qd2 Qd6 31.Qe1 Qh6 32.Bg1 Qh1 33.Qf1 Rf6 34.Qf2 Rg6 35.Bf1 Ba6
36.Qe1 Bxf1 {#R} 0-1

[Event "It (cat.4)"]
[Site "masterchessopen.com Pamplona (Spain)"]
[Round "3"]
[White "Fayard Alain (FRA)"]
[Black "Starostits Ilmars (LAT)"]
[Result "0-1"]
[WhiteElo "2243"]
[BlackElo "2480"]

1.d4 e6 2.c4 b6 3.Nf3 Nf6 4.Nc3 Bb7 5.Bg5 h6 6.Bh4 Bb4 7.e3 g5 8.Bg3 Ne4 9.Qc2
Bxc3+ 10.bxc3 d6 11.Bd3 f5 12.d5 exd5 13.Nd4 Qf6 14.cxd5 Bxd5 15.Nxf5 Nc5
16.f4 Qe6 17.e4 Bb7 18.Nxh6 Rf8 19.Rf1 Nxe4 20.Be2 Qd5 21.Qd1 Qc5 22.Qd4 Nxc3
23.Qxc5 Nxe2 24.Kf2 Nxf4 25.Ke3 Nxg2+ 26.Kd2 b5 27.Kc3 Ne3 28.Kb2 a5 29.h4 Nc2
30.a4 {#R} 0-1

[Event "Ch Netherlands (team) 2008/09"]
[Site "masterchessopen.com Netherlands"]
[Date "2009.02.07"]
[Round "5"]
[White "Van Der Heijden Anton (NED)"]
[Black "Wantola Ivo (NED)"]
[Result "1-0"]
[WhiteElo "2269"]
[BlackElo "2336"]

1.d4 Nf6 2.c4 e6 3.Nf3 b6 4.Nc3 Bb7 5.Bg5 h6 6.Bh4 Bb4 7.Qc2 g5 8.Bg3 Be4
9.Qb3 Nc6 10.a3 Ba5 11.O-O-O Bxc3 12.Qxc3 d5 13.Ne5 Ne7 14.h4 g4 15.f3 Bf5
16.h5 gxf3 17.gxf3 Nd7 18.e4 dxe4 19.d5 exd5 20.fxe4 Bxe4 21.Bh3 Nf5 22.Rhf1
Qg5+ 23.Bf4 Qf6 24.Nxd7 Qxc3+ 25.bxc3 Kxd7 26.Bxf5+ Kc6 27.cxd5+ Bxd5 28.c4
Bxc4 29.Be4+ Kb5 30.Bxa8 Rxa8 31.Rf2 Re8 32.Bxh6 Re5 33.Rh1 Bd3 34.Bg7 Rc5+
35.Kb2 a5 36.h6 Bh7 37.Bc3 Rg5 38.Rxf7 Rg2+ 39.Ka1 {#r} 1-0

[Event "Cup Donbass (cat.2)"]
[Site "masterchessopen.com Donetsk (Ukraine)"]
[Date "2009.04.08"]
[Round "2"]
[White "Bets Anatolij (MDA)"]
[Black "Kuchkin Maksjm (UKR)"]
[Result "1-0"]
[WhiteElo "2302"]
[BlackElo "2126"]

1.d4 Nf6 2.c4 e6 3.Nf3 b6 4.Bg5 Bb7 5.Nc3 h6 6.Bh4 Bb4 7.Nd2 c5 8.e3 O-O 9.a3
Bxc3 10.bxc3 cxd4 11.cxd4 d5 12.Qf3 Nbd7 13.cxd5 exd5 14.Bb5 Qc7 15.O-O a6
16.Rfc1 Qd6 17.Bg3 Qe6 18.Bxd7 Nxd7 19.Rc7 Bc6 20.Rc1 Bb5 21.h3 Nf6 22.Be5 Ne8
23.R7c3 Nd6 24.Rc7 Ne8 25.R7c3 Nd6 26.Qg3 Nf5 27.Qf4 Rac8 28.Bc7 Rfe8 29.Qg4
Bc4 30.Nxc4 Rxc7 31.Nxb6 Rxc3 32.Rxc3 Rb8 33.Na4 Rb1+ 34.Kh2 Qd6+ 35.g3 Ne7
36.Qf4 Qd7 37.Qc7 Qe8 38.Nc5 Qb5 39.Nd3 Ng6 40.Qc8+ Nf8 41.Qf5 g6 42.Qf6 Qb8
43.Ne5 Rb7 44.Ng4 Kh7 45.Rc6 Qe8 46.Rxa6 Nd7 47.Qc6 Rb2 48.Qxd7 {#r} 1-0

[Event "It (open)"]
[Site "masterchessopen.com Barbera (Spain)"]
[Date "2009.07.07"]
[Round "4"]
[White "Lasinskas Povilas (LTU)"]
[Black "Matnadze Ana (GEO)"]
[Result "0-1"]
[WhiteElo "2268"]
[BlackElo "2413"]

1.d4 Nf6 2.c4 e6 3.Nf3 b6 4.Nc3 Bb7 5.Bg5 Bb4 6.e3 h6 7.Bh4 g5 8.Bg3 Ne4 9.Qc2
f5 10.Bd3 Bxc3+ 11.bxc3 d6 12.d5 Qf6 13.Bxe4 fxe4 14.Qxe4 Qxc3+ 15.Ke2 Qb2+
16.Nd2 Qf6 17.h4 g4 18.h5 Nd7 19.Bh4 Qf5 20.Qxf5 exf5 21.Nb3 Ba6 22.Rac1 O-O
23.Kd3 Rae8 24.Bg3 Nf6 25.Bf4 Kh7 26.Kd2 Ne4+ 27.Ke2 Rf7 28.f3 Nf6 29.Kf2 Rg7
30.Nd4 Bc8 31.Rc2 Reg8 32.Kf1 Bd7 33.Rb2 a6 34.a4 a5 35.Ra2 Rf7 36.Kf2 Bc8
37.Rc2 Nd7 38.Nb3 Nb8 39.Nd4 Na6 40.Ra2 Nc5 41.Ra3 Bd7 42.Nb5 Be8 43.Kf1 Rfg7
44.Ra2 Nd3 45.Rd2 Nc5 46.Ra2 Re7 47.Ra3 Na6 48.Nd4 Bd7 49.Ra2 Nc5 50.Nb5 Nd3
51.Ra3 Bxb5 52.cxb5 Nb4 53.Kf2 Nxd5 54.Rd1 Nf6 55.Bxd6 Rd7 56.Rc3 Ne8 57.e4
fxe4 58.fxe4 Nxd6 59.Kg1 Re8 60.Re3 Rde7 61.Rc1 Nxe4 62.Rc6 g3 63.Rf3 {#R} 0-1

[Event "Cup Artemis (open)"]
[Site "masterchessopen.com Leros (Greece)"]
[Date "2009.07.17"]
[Round "7"]
[White "Mchedlishvili Mikheil (GEO)"]
[Black "Timoshenko Georgy (UKR)"]
[Result "1-0"]
[WhiteElo "2592"]
[BlackElo "2556"]

1.d4 Nf6 2.Nf3 e6 3.c4 b6 4.Nc3 Bb7 5.Bg5 h6 6.Bh4 Bb4 7.e3 g5 8.Bg3 Ne4 9.Qc2
d6 10.Bd3 Bxc3+ 11.bxc3 f5 12.d5 Na6 13.Nd4 Nac5 14.O-O O-O 15.f3 Nxg3 16.hxg3
Qf6 17.dxe6 Nxd3 18.Qxd3 Bc8 19.g4 Bxe6 20.f4 Qf7 21.Qc2 Bxc4 22.Nxf5 Qf6
23.Rf3 Be6 24.e4 Bxf5 25.fxg5 Qxg5 26.gxf5 Kh7 27.Re1 Rae8 28.Qf2 Qf6 29.Ree3
Rg8 30.Rf4 Rg5 31.Rh3 Reg8 32.Rfh4 Rxg2+ 33.Qxg2 Rxg2+ 34.Kxg2 Qg5+ 35.Kf3 Qc1
36.Rxh6+ Kg7 37.Rh7+ Kf8 38.Rh8+ Kf7 39.R3h7+ Kf6 40.Rf8+ Kg5 41.Rg8+ Kf6
42.Rg6+ {#r} 1-0

[Event "It (open) (b)"]
[Site "masterchessopen.com Zuerich (Switzerland)"]
[Date "2010.12.28"]
[Round "4"]
[White "Rueegg Rene (SUI)"]
[Black "Gehrig Peter (SUI)"]
[Result "1-0"]
[WhiteElo "1809"]
[BlackElo "2028"]

1.d4 Nf6 2.c4 e6 3.Nf3 b6 4.Bg5 Bb7 5.Nc3 Bb4 6.e3 h6 7.Bh4 g5 8.Bg3 Ne4 9.Qc2
c5 10.Bd3 Bxc3+ 11.bxc3 Nxg3 12.fxg3 d6 13.Be4 Qc7 14.O-O Nd7 15.Nd2 O-O
16.Bxb7 Qxb7 17.Ne4 d5 18.Nf6+ Kg7 19.Qh7# 1-0

[Event "It (open)"]
[Site "masterchessopen.com Balaguer (Spain)"]
[Date "2011.07.22"]
[Round "6"]
[White "Ivanov Jordan (BUL)"]
[Black "Lazaro Porta Angel (ESP)"]
[Result "1-0"]
[WhiteElo "2398"]
[BlackElo "1942"]

1.Nf3 Nf6 2.c4 b6 3.d4 e6 4.Nc3 Bb7 5.Bg5 Bb4 6.e3 h6 7.Bh4 g5 8.Bg3 Ne4 9.Qc2
Bxc3+ 10.bxc3 Nxg3 11.hxg3 d6 12.Rh5 Qf6 13.Rh2 Nd7 14.Bd3 O-O-O 15.a4 a5
16.Nd2 Qe7 17.Rb1 Nf6 18.f3 g4 19.Kf2 h5 20.Rh4 Rdg8 21.f4 Re8 22.c5 dxc5
23.Nb3 c4 24.Bxc4 Ne4+ 25.Kg1 Nxg3 26.Rh2 Be4 27.Ba6+ Kd8 28.Bd3 f5 29.Nd2
Bxd3 30.Qxd3 Qd7 31.Rb5 Kc8 32.c4 Qc6 33.c5 bxc5 34.Qc2 Ne2+ 35.Kf1 Ng3+
36.Ke1 Kd7 37.Rxc5 Qb7 38.Rh4 Rc8 39.Kf2 Ne4+ 40.Nxe4 fxe4 41.Rhxh5 Rxh5
42.Rxh5 Qb4 43.Rb5 g3+ 44.Ke2 Qa3 45.d5 Qa1 46.dxe6+ Ke7 47.Qc5+ Ke8 48.Qh5+
Ke7 49.Qf7+ {#r} 1-0

[Event "Ch Netherlands (team) 2011/12"]
[Site "masterchessopen.com Netherlands"]
[Date "2011.11.26"]
[Round "3"]
[White "Van Der Heijden Anton (NED)"]
[Black "Van Ketel Raoul (NED)"]
[Result "0-1"]
[WhiteElo "2305"]
[BlackElo "2275"]

1.d4 e6 2.Nf3 Nf6 3.c4 b6 4.Nc3 Bb7 5.Bg5 h6 6.Bh4 Bb4 7.Qc2 O-O 8.Nd2 d6
9.O-O-O Nbd7 10.e4 Bxc3 11.bxc3 e5 12.Bd3 Re8 13.f3 Nf8 14.g4 Ne6 15.dxe5 dxe5
16.Nf1 Qe7 17.Kb2 Nc5 18.Ne3 Rad8 19.g5 hxg5 20.Bxg5 Rxd3 21.Rxd3 Nxd3+
22.Qxd3 Qd7 23.Qe2 Nh5 24.Rd1 Qa4 25.Qg2 Bc8 26.Rg1 Be6 27.Bf6 g6 28.Qg5 Nxf6
29.Qxf6 Bxc4 30.Nf5 Qxa2+ 31.Kc1 Qa3+ 32.Kc2 Qb3+ 33.Kc1 Qxc3+ 34.Kb1 Bd3+
35.Ka2 Qc4+ 36.Kb2 Qb4+ 37.Ka2 Bc4+ 38.Ka1 Qa3+ 39.Kb1 Bd3# 0-1

[Event "Tournament \"]
[Site "masterchessopen.com Krasnoyarsk (Russia)"]
[Date "2011.12.21"]
[Round "5"]
[White "Belmeskin Ilia (RUS)"]
[Black "Volontinas Ivan (RUS)"]
[Result "1-0"]
[WhiteElo "2235"]
[BlackElo "2167"]

1.d4 Nf6 2.Nf3 e6 3.c4 b6 4.Nc3 Bb7 5.Bg5 h6 6.Bh4 Bb4 7.Qb3 Qe7 8.a3 Bxc3+
9.Qxc3 g5 10.Bg3 Ne4 11.Qc2 d6 12.e3 h5 13.Bd3 f5 14.h4 Nxg3 15.fxg3 g4 16.Ng5
Nd7 17.O-O O-O 18.e4 fxe4 19.Bxe4 Bxe4 20.Qxe4 Rae8 21.Qg6+ Qg7 22.Rxf8+ {#r}
1-0

[Event "Ch Spain (team) (Liga Madrilena)"]
[Site "masterchessopen.com Madrid (Spain)"]
[Date "2012.01.29"]
[Round "8"]
[White "Candela Perez Jose (ESP)"]
[Black "Arribas Lopez Angel (ESP)"]
[Result "1-0"]
[WhiteElo "2424"]
[BlackElo "2487"]

1.d4 e6 2.c4 b6 3.Nf3 Bb7 4.Nc3 Nf6 5.Bg5 h6 6.Bh4 Bb4 7.Qd3 g5 8.Bg3 Ne4
9.Nd2 f5 10.h4 Nxg3 11.Qxg3 Bd6 12.Qd3 Na6 13.a3 Qe7 14.hxg5 Qxg5 15.e4 O-O-O
16.Nf3 Qg7 17.e5 Be7 18.O-O-O d6 19.exd6 Rxd6 20.Nb5 Rd7 21.Qe3 c6 22.Nc3 Nc7
23.Ne5 Rdd8 24.c5 bxc5 25.dxc5 f4 26.Qe4 Bxc5 27.Be2 Bxf2 28.Nxc6 Rdf8 29.Qc4
f3 30.Bxf3 Qg5+ 31.Kb1 Ba6 32.Qb4 Nb5 33.Ne4 Qe3 34.Nd6+ {#r} 1-0

[Event "Tournament (open)"]
[Site "masterchessopen.com Bogota (Colombia)"]
[Date "2012.07.20"]
[Round "2"]
[White "Pardo Aurelio"]
[Black "Florez Chaparro Edgar Orlando"]
[Result "1-0"]
[WhiteElo "2043"]
[BlackElo "1601"]

1.d4 Nf6 2.Nf3 e6 3.c4 b6 4.Nc3 Bb7 5.Bg5 h6 6.Bh4 Bb4 7.Rc1 Qc8 8.a3 Bxc3+
9.Rxc3 d6 10.e3 Ne4 11.Rc2 Nd7 12.Be2 Ndf6 13.O-O c5 14.b4 O-O 15.Ne1 Qd7
16.f3 Qa4 17.fxe4 {#r} 1-0

[Event "It \"]
[Site "masterchessopen.com Abudhabi (United Arab Emirates)"]
[Date "2012.07.22"]
[Round "4"]
[White "Ghaem Maghami Ehsan (IRI)"]
[Black "Khouri Ibrahim Mohamed (UAE)"]
[Result "1-0"]
[WhiteElo "2577"]
[BlackElo "2225"]

1.d4 Nf6 2.c4 e6 3.Nf3 b6 4.Bg5 Bb7 5.Nc3 h6 6.Bh4 Bb4 7.Nd2 c5 8.a3 Bxc3
9.bxc3 d6 10.e3 Qe7 11.a4 Nbd7 12.a5 e5 13.a6 Bc8 14.Be2 g5 15.Bg3 Kd8 16.Qa4
Kc7 17.O-O Rg8 18.Rad1 h5 19.Bf3 e4 20.Nxe4 Nxe4 21.Bxe4 Qxe4 22.dxc5 Ne5
23.Rxd6 Rg6 24.Rxg6 fxg6 25.Qe8 {#r} 1-0

[Event "It \"]
[Site "masterchessopen.com Helsingor (Denmark)"]
[Date "2012.08.04"]
[Round "9"]
[White "Wurtz Jacob (DEN)"]
[Black "Henrichsen Jens (DEN)"]
[Result "1-0"]
[WhiteElo "1999"]
[BlackElo "1887"]

1.d4 Nf6 2.c4 e6 3.Nf3 b6 4.Nc3 Bb7 5.Bg5 Bb4 6.e3 h6 7.Bh4 g5 8.Bg3 Ne4 9.Qc2
f5 10.O-O-O Bxc3 11.bxc3 Qe7 12.Kb2 d6 13.Nd2 Nd7 14.f3 Nxg3 15.hxg3 O-O-O
16.a4 a5 17.Rb1 Rdf8 18.Bd3 Qf6 19.Ka2 h5 20.Qb2 Bc6 21.Qb3 h4 22.gxh4 Rxh4
23.e4 Rfh8 24.Rhe1 Rh2 25.Re2 Rh1 26.exf5 exf5 27.Rxh1 Rxh1 28.Qc2 f4 29.Re8+
Kb7 30.d5 Bxd5 31.cxd5 Qf7 32.Re2 Ne5 33.Be4 Nd7 34.Nb3 Ne5 35.Nd4 Rf1 36.Qb3
Qh5 37.Nc6 Qh1 38.Bb1 Nd3 39.Nxa5+ Ka7 40.Nc6+ Kb7 41.Re8 Nc1+ 42.Ka3 Nxb3
43.Rb8+ Ka6 44.Bd3+ {#r} 1-0

[Event "It (open)"]
[Site "masterchessopen.com Nagpur (India)"]
[Date "2012.10.19"]
[Round "6"]
[White "Murali Krishnan B T (IND)"]
[Black "Shyam Nikil P (IND)"]
[Result "1-0"]
[WhiteElo "2329"]
[BlackElo "2468"]

1.d4 Nf6 2.c4 e6 3.Nf3 b6 4.Nc3 Bb7 5.Bg5 h6 6.Bh4 Bb4 7.Nd2 c5 8.a3 Bxc3
9.bxc3 d6 10.f3 g5 11.Bf2 e5 12.e3 Qe7 13.d5 e4 14.h4 Rg8 15.hxg5 hxg5 16.Qc2
g4 17.Bh4 exf3 18.O-O-O f2 19.Bd3 Nbd7 20.Ne4 g3 21.Rh3 O-O-O 22.Kb2 Qe5
23.Bxg3 Rxg3 24.Nxg3 Rg8 25.Qxf2 Ng4 26.Qf3 Nxe3 27.Rd2 b5 28.Nf5 Nxf5 29.Bxf5
Re8 30.Rh7 {#r} 1-0